L'EVANGILE MEDITÈ ET DISTRIBUÈ POUR TOUS LES JOURS DE L'ANNEE SUIVANT LA CONCORDE DES QUATRE EVANGELISTES VOL. I (Record n. 265769)
[ formato base ]
| 000 -LEADER | |
|---|---|
| fixed length control field | 01282nam a2200229Ia 4500 |
| 001 - CONTROL NUMBER | |
| control field | L232-6587 |
| 003 - CONTROL NUMBER IDENTIFIER | |
| control field | IT-CnALBA |
| 008 - FIXED-LENGTH DATA ELEMENTS--GENERAL INFORMATION | |
| fixed length control field | 170116s9999||||xx |||||||||||||| ||und|| |
| 040 ## - CATALOGING SOURCE | |
| Original cataloging agency | IT-CnALBA |
| Transcribing agency | IT-CnALBA |
| 041 ## - LANGUAGE CODE | |
| Language code of text/sound track or separate title | FRANCESE |
| 999 ## - SYSTEM CONTROL NUMBERS (KOHA) | |
| Koha Dewey Subclass [OBSOLETE] | SI |
| 100 ## - MAIN ENTRY--PERSONAL NAME | |
| Personal name | DUQUESNE ABATE |
| 245 #0 - TITLE STATEMENT | |
| Title | L'EVANGILE MEDITÈ ET DISTRIBUÈ POUR TOUS LES JOURS DE L'ANNEE SUIVANT LA CONCORDE DES QUATRE EVANGELISTES VOL. I |
| 250 ## - EDITION STATEMENT | |
| Edition statement | 2a ed. |
| 260 ## - PUBLICATION, DISTRIBUTION, ETC. (IMPRINT) | |
| Place of publication, distribution, etc. | PARIS |
| Name of publisher, distributor, etc. | LECOFFRE J. BIBLIOP., LIBRAIRIE PARIS' |
| Date of publication, distribution, etc. | 1876 [1° Ed.: n.d.] |
| 300 ## - PHYSICAL DESCRIPTION | |
| Extent | 458 p. (prefazione: 19) |
| 500 ## - GENERAL NOTE | |
| General note | OTTANTA CONFERENZE E OMELIE SU DIVERSI ARGOMENTI. NOTIZIE BIOGRAFICHE SULL'ABATE DUQUESNE. LETTERE DI LODE SULL'OPERA. INTRODUZIONE DI LUCA. DISPOSIZIONI PER LA LETTURA DEL VANGELO. ZACCARIA. ANNUNZIAZIONE. VISITA DI MARIA AD ELISABETTA. CANTICO DI MARIA. |
| 501 ## - WITH NOTE | |
| With note | Società San Paolo EM - Piazza San Paolo, 14 - 12051 ALBA (CN) (non commercial uses only) ® Copyright 2017 |
| 520 ## - SUMMARY, ETC. | |
| Summary, etc. | OTTANTA CONFERENZE E OMELIE SU DIVERSI ARGOMENTI. NOTIZIE BIOGRAFICHE SULL'ABATE DUQUESNE. LETTERE DI LODE SULL'OPERA. INTRODUZIONE DI LUCA. DISPOSIZIONI PER LA LETTURA DEL VANGELO. ZACCARIA. ANNUNZIAZIONE. VISITA DI MARIA AD ELISABETTA. CANTICO DI MARIA. |
| 650 ## - SUBJECT ADDED ENTRY--TOPICAL TERM | |
| Topical term or geographic name as entry element | VITA E MISTERO DI CRISTO |
| 942 ## - ADDED ENTRY ELEMENTS (KOHA) | |
| Koha item type | LIBRO |
| 957 ## - | |
| -- | 1 |
| 999 ## - SYSTEM CONTROL NUMBERS (KOHA) | |
| -- | Copie: 1 |
| Withdrawn status | Lost status | Damaged status | Not for loan | Home library | Current library | Date acquired | Total Checkouts | Full call number | Date last seen | Price effective from | Koha item type | Public note |
|---|---|---|---|---|---|---|---|---|---|---|---|---|
| Buone Condizioni | Not For Loan | ALBA - Biblioteca | ALBA - Biblioteca | 16/01/2017 | L232-6587 | 16/01/2017 | 16/01/2017 | LIBRO | (data import: 16 gennaio 2017) - By Epidotti, Vaglietti. |